Loading...
| Current Events | 2 | 20.00 | 100% | 50% | 50% |
| Fine Arts - Classical Music | 7 | 18.57 | 86% | 86% | 14% |
| Fine Arts - Other | 6 | 16.67 | 100% | 67% | 0% |
| Fine Arts - Painting and Sculpture | 8 | 17.50 | 100% | 63% | 13% |
| History - American | 6 | 16.67 | 100% | 50% | 17% |
| History - European | 10 | 20.00 | 100% | 80% | 20% |
| History - Other | 6 | 15.00 | 67% | 67% | 17% |
| History - World | 8 | 17.50 | 100% | 75% | 0% |
| Literature - American | 6 | 25.00 | 100% | 83% | 67% |
| Literature - British | 5 | 12.00 | 100% | 20% | 0% |
| Literature - European | 4 | 15.00 | 100% | 50% | 0% |
| Literature - World | 7 | 18.57 | 100% | 86% | 0% |
| Mythology | 9 | 17.78 | 100% | 56% | 22% |
| Other Academic | 2 | 20.00 | 100% | 50% | 50% |
| Philosophy | 4 | 22.50 | 100% | 100% | 25% |
| Pop Culture | 3 | 20.00 | 100% | 67% | 33% |
| Religion | 8 | 17.50 | 100% | 75% | 0% |
| Science - Biology | 6 | 18.33 | 100% | 50% | 33% |
| Science - Chemistry | 7 | 20.00 | 100% | 86% | 14% |
| Science - Other | 7 | 14.29 | 100% | 43% | 0% |
| Science - Physics | 4 | 17.50 | 100% | 75% | 0% |
| Social Science | 7 | 15.71 | 100% | 43% | 14% |